[Event "Florianopolis op 10th"]
[Site "Florianopolis"]
[Date "2024.01.23"]
[Round "5"]
[White "Do Carmo, Gabriel Carckeno"]
[Black "Fernandes, Beatriz"]
[Result "1/2-1/2"]
[WhiteElo "1869"]
[BlackElo "1431"]
[PlyCount "89"]
[EventDate "2024.01.20"]
[EventType "swiss"]
[EventRounds "10"]
[EventCountry "BRA"]
[SourceTitle "CB05_2024"]
[SourceDate "2024.01.31"]
[SourceVersion "1"]
[SourceVersionDate "2024.01.31"]
[SourceQuality "1"]

1. e4 c5 2. Nf3 d6 3. d4 cxd4 4. Nxd4 Nf6 5. Nc3 a6 6. h3 e5 7. Nde2 h5 8. Bg5 Be6 9. Bxf6 Qxf6 10. Nd5 Qd8 11. Qd3 Nc6 12. 0-0-0 Rc8 13. a3 b5 14. Nec3 Nd4 15. f4 g6 16. Qe3 Bh6 17. Rxd4 exd4 18. Qxd4 0-0 19. Nf6+ Kh8 20. Nxh5+ f6 21. g4 gxh5 22. g5 Bg7 23. f5 fxg5 24. Qd1 Bf7 25. Be2 Bxc3 26. bxc3 Qf6 27. Bxh5 Qxc3 28. Kb1 Qf6 29. Qg4 Rc3 30. Bg6 Bxg6 31. fxg6 Qxg6 32. h4 Kg8 33. hxg5 Rcf3 34. Kb2 R3f4 35. Qh3 Qg7+ 36. e5 Qxe5+ 37. Kb1 Qg7 38. g6 Re8 39. Qb3+ Kf8 40. Qd3 Rf6 41. Rh7 Qxg6 42. Rh8+ Kf7 43. Qd5+ Rfe6 44. Qb7+ R8e7 45. Qf3+ 1/2-1/2

[Event "Pan American-ch School U15 Girls 12th"]
[Site "Callao"]
[Date "2023.10.16"]
[Round "1"]
[White "Pichilingue Orbe, Camila Belen"]
[Black "Fernandes, Beatriz"]
[Result "1/2-1/2"]
[WhiteElo "1174"]
[BlackElo "1505"]
[PlyCount "97"]
[EventDate "2023.10.16"]
[EventType "swiss"]
[EventRounds "9"]
[EventCountry "PER"]
[SourceTitle "Mega2024 Update 01"]
[Source "Chessbase"]
[SourceDate "2023.11.12"]
[SourceVersion "1"]
[SourceVersionDate "2023.11.12"]
[SourceQuality "1"]

1. d4 Nf6 2. c4 e5 3. dxe5 Ng4 4. Nf3 Bc5 5. e3 Nc6 6. Be2 0-0 7. 0-0 Ngxe5 8. Nxe5 Nxe5 9. Nc3 d6 10. Na4 Bb6 11. Nxb6 axb6 12. b3 Bd7 13. Bb2 Qe7 14. f4 Nc6 15. Rf3 f6 16. Rg3 Rae8 17. Bd3 h6 18. Qh5 Nb4 19. Bb1 Rf7 20. Bg6 Kf8 21. a3 Na6 22. Bxf7 Qxf7 23. Qxf7+ Kxf7 24. b4 Nb8 25. Rc1 Na6 26. h3 Re4 27. Kf2 Be6 28. Kf3 Rxc4 29. Rxc4 Bxc4 30. e4 c5 31. Bc3 Nc7 32. Kf2 d5 33. exd5 Nxd5 34. Bd2 f5 35. Rf3 Nf6 36. Ke1 Ne4 37. g4 g6 38. Re3 Ke6 39. Bc3 Kd5 40. gxf5 gxf5 41. Bg7 h5 42. Kd1 Kc6 43. Kc2 Kb5 44. bxc5 bxc5 45. Bf8 Ka4 46. Rxe4 fxe4 47. Bxc5 Be6 48. h4 Kb5 49. Bb4 1/2-1/2

[Event "Sao Jose dos Campos op"]
[Site "Sao Jose dos Campos"]
[Date "2023.05.27"]
[Round "3"]
[White "Jiang, Lucas Zirui"]
[Black "Fernandes, Beatriz"]
[Result "1-0"]
[WhiteElo "1720"]
[BlackElo "1487"]
[PlyCount "89"]
[EventDate "2023.05.26"]
[EventType "swiss"]
[EventRounds "5"]
[EventCountry "BRA"]
[SourceTitle "CBM 214 Extra"]
[Source "ChessBase"]
[SourceDate "2023.07.31"]
[SourceVersion "1"]
[SourceVersionDate "2023.07.31"]
[SourceQuality "1"]

1. d4 Nf6 2. Nf3 g6 3. c4 Bg7 4. Nc3 d6 5. Bf4 Nbd7 6. h3 c6 7. e3 0-0 8. Be2 Re8 9. 0-0 e5 10. dxe5 dxe5 11. Nxe5 Nh5 12. Bxh5 Nxe5 13. Be2 Be6 14. c5 Bc4 15. Qc2 Bxe2 16. Qxe2 Qd3 17. Rad1 Qxe2 18. Nxe2 Rad8 19. b3 b6 20. Nd4 bxc5 21. Bxe5 cxd4 22. Bxd4 Rxd4 23. Rxd4 Bxd4 24. exd4 Rd8 25. Rd1 c5 26. d5 Kf8 27. d6 Ke8 28. f4 Kd7 29. Kf2 Re8 30. Kf3 Rd8 31. Ke4 f6 32. g4 Kc6 33. g5 fxg5 34. fxg5 Rxd6 35. Rxd6+ Kxd6 36. Kd3 Kd5 37. a3 a5 38. a4 Kd6 39. Kc4 Kc6 40. h4 Kb6 41. Kd5 Kb7 42. Kxc5 Ka6 43. Kc6 Ka7 44. Kb5 Kb7 45. Kxa5 1-0

[Event "Florianopolis op 9th"]
[Site "Florianopolis"]
[Date "2023.01.28"]
[Round "9"]
[White "Fernandes, Beatriz"]
[Black "Franco Franchi, Sol Larissa"]
[Result "1-0"]
[WhiteElo "1359"]
[BlackElo "1047"]
[PlyCount "53"]
[EventDate "2023.01.23"]
[EventType "swiss"]
[EventRounds "10"]
[EventCountry "BRA"]
[SourceTitle "CBM 212 Extra"]
[Source "ChessBase"]
[SourceDate "2023.03.31"]
[SourceVersion "1"]
[SourceVersionDate "2023.03.31"]
[SourceQuality "1"]

1. e4 Nc6 2. Nf3 e5 3. Bb5 a6 4. Ba4 b5 5. Bb3 Bc5 6. c3 Nf6 7. 0-0 0-0 8. Re1 d6 9. h3 Qe7 10. d4 exd4 11. cxd4 Bb4 12. Bd2 Nxe4 13. Bxb4 Nxb4 14. a3 Nc6 15. Bd5 Bb7 16. Bxe4 Qd7 17. Nc3 f5 18. Bd5+ Kh8 19. Ng5 f4 20. Nxh7 Rf5 21. Be6 Qd8 22. Bxf5 Qh4 23. Qe2 Rg8 24. Qd3 g6 25. Bxg6 Na5 26. d5 c6 27. Qd4+ 1-0

[Event "Sao Jose dos Campos op"]
[Site "Sao Jose dos Campos"]
[Date "2022.09.11"]
[Round "6"]
[White "Santos, Ruben Yokoyama Oliv"]
[Black "Fernandes, Beatriz"]
[Result "0-1"]
[WhiteElo "1800"]
[BlackElo "1339"]
[PlyCount "84"]
[EventDate "2022.09.08"]
[EventType "swiss"]
[EventRounds "7"]
[EventCountry "BRA"]
[SourceTitle "CBM 210 Extra"]
[Source "ChessBase"]
[SourceDate "2022.11.30"]
[SourceVersion "1"]
[SourceVersionDate "2022.11.30"]
[SourceQuality "1"]

1. d4 Nf6 2. Nf3 g6 3. Bf4 Bg7 4. e3 d6 5. Bd3 Nbd7 6. c3 c5 7. Nbd2 b6 8. Qc2 Bb7 9. Rd1 Rc8 10. 0-0 0-0 11. h3 a6 12. e4 cxd4 13. Nxd4 e5 14. Be3 exd4 15. Bxd4 Nc5 16. e5 dxe5 17. Bxe5 Qxd3 18. Qxd3 Nxd3 19. Bxf6 Bxf6 20. f3 Nxb2 21. Rb1 Bxc3 22. Nb3 a5 23. Rfc1 a4 24. Na1 Rc6 25. Kh2 Rfc8 26. Nc2 Be5+ 27. g3 Rxc2+ 28. Rxc2 Rxc2+ 29. Kg1 Bd4+ 30. Kf1 Be3 31. f4 Rc1+ 32. Rxc1 Bxc1 33. Ke2 Bd5 34. a3 Nc4 35. f5 Bxa3 36. fxg6 Bb2 37. gxf7+ Kxf7 38. Kd3 a3 39. Kc2 a2 40. Kd3 a1Q 41. Kc2 Qc1+ 42. Kd3 Qd2# 0-1

[Event "Pocos de Caldas op"]
[Site "Pocos de Caldas"]
[Date "2022.03.11"]
[Round "1"]
[White "Gazineu Neto, Rubens"]
[Black "Fernandes, Beatriz"]
[Result "1-0"]
[WhiteElo "1918"]
[BlackElo "1235"]
[PlyCount "53"]
[EventDate "2022.03.11"]
[EventType "swiss"]
[EventRounds "6"]
[EventCountry "BRA"]
[SourceTitle "CBM 207 Extra"]
[Source "ChessBase"]
[SourceDate "2022.05.31"]
[SourceVersion "1"]
[SourceVersionDate "2022.05.31"]
[SourceQuality "1"]

1. e4 c5 2. Nf3 d6 3. d4 cxd4 4. Nxd4 Nf6 5. Nc3 a6 6. Be3 e6 7. Qd2 Be7 8. f3 Bd7 9. g4 Nc6 10. 0-0-0 Qc7 11. g5 Nh5 12. Kb1 b5 13. f4 b4 14. Nce2 a5 15. Nb5 Qb8 16. Nxd6+ Qxd6 17. Qxd6 Bxd6 18. Rxd6 f6 19. h4 e5 20. f5 Rb8 21. Bg2 Rb7 22. Bf3 Nf4 23. Nxf4 exf4 24. Bxf4 0-0 25. Rhd1 Rf7 26. b3 Kh8 27. Rxc6 1-0

[Event "Taubate op 2nd"]
[Site "Taubate"]
[Date "2021.12.17"]
[Round "3"]
[White "Fernandes, Beatriz"]
[Black "Pironti, Francisco Ferrari"]
[Result "0-1"]
[WhiteElo "1207"]
[BlackElo "1629"]
[PlyCount "86"]
[EventDate "2021.12.16"]
[EventType "swiss"]
[EventRounds "6"]
[EventCountry "BRA"]
[SourceTitle "CBM 206 Extra"]
[Source "ChessBase"]
[SourceDate "2022.03.31"]
[SourceVersion "1"]
[SourceVersionDate "2022.03.31"]
[SourceQuality "1"]

1. e4 c5 2. d4 cxd4 3. c3 Nf6 4. e5 Nd5 5. cxd4 g6 6. Bc4 Nb6 7. Bb3 Bg7 8. Nf3 0-0 9. Bf4 d6 10. 0-0 Nc6 11. h3 Na5 12. Nbd2 Nxb3 13. Nxb3 h6 14. Rc1 Be6 15. Re1 Qd7 16. Nfd2 Rac8 17. exd6 exd6 18. Ne4 Nc4 19. Bxh6 Nxb2 20. Qe2 Nc4 21. Bxg7 Kxg7 22. Qf3 Qd8 23. Ng3 b6 24. Ne2 Qf6 25. Qxf6+ Kxf6 26. Nc3 d5 27. Kh2 Nd6 28. f3 Rc4 29. Ne2 Rfc8 30. Nf4 a5 31. Rxc4 Rxc4 32. Nc1 b5 33. a3 b4 34. axb4 axb4 35. g4 b3 36. Re2 Nb5 37. h4 Bd7 38. Nxd5+ Kg7 39. Nb4 Kf6 40. d5 Kg7 41. d6 Nd4 42. Nd5 Kg8 43. Rb2 Kg7 0-1

[Event "Pan American-ch Hybrid U12 Girls 31st"]
[Site "Tornelo INT"]
[Date "2021.09.04"]
[Round "9"]
[White "Fernandes, Beatriz"]
[Black "Azocar Gajardo, Javiera"]
[Result "1/2-1/2"]
[WhiteElo "1221"]
[BlackElo "1004"]
[PlyCount "80"]
[EventDate "2021.09.04"]
[EventType "swiss"]
[EventRounds "9"]
[EventCountry "NET"]
[SourceTitle "EXT 2023"]
[Source "ChessBase"]
[SourceDate "2022.10.05"]
[SourceVersion "1"]
[SourceVersionDate "2022.10.05"]
[SourceQuality "1"]

1. e4 e5 2. Nf3 Nc6 3. d4 exd4 4. Bc4 Bb4+ 5. c3 dxc3 6. 0-0 Nf6 7. a3 Bc5 8. Nxc3 0-0 9. Be3 Bb6 10. Re1 d6 11. h3 h6 12. b4 Re8 13. Qc2 Be6 14. Bb5 a6 15. Bxc6 bxc6 16. Rad1 Qe7 17. e5 dxe5 18. Nxe5 Bxe3 19. Rxe3 c5 20. bxc5 Qxc5 21. a4 Nd5 22. Rf3 Nxc3 23. Qxc3 Qxc3 24. Rxc3 Bxh3 25. Nxf7 Bg4 26. f3 Bh5 27. Nxh6+ gxh6 28. Rxc7 Rec8 29. Rxc8+ Rxc8 30. Rd6 Rc1+ 31. Kh2 Rc2 32. Kg3 Kg7 33. Rxa6 Ra2 34. Kh4 Be8 35. g4 Rxa4 36. Rxa4 Bxa4 37. g5 hxg5+ 38. Kxg5 Bc6 39. f4 Bd7 40. f5 Bxf5 1/2-1/2

[Event "Sao Jose dos Campos op 3rd"]
[Site "Sao Jose dos Campos"]
[Date "2021.08.21"]
[Round "2"]
[White "Marinho, Adriano"]
[Black "Fernandes, Beatriz"]
[Result "1-0"]
[WhiteElo "1510"]
[BlackElo "1164"]
[PlyCount "103"]
[EventDate "2021.08.21"]
[EventType "swiss"]
[EventRounds "5"]
[EventCountry "BRA"]
[SourceTitle "CBM 204 Extra"]
[Source "ChessBase"]
[SourceDate "2021.11.30"]
[SourceVersion "1"]
[SourceVersionDate "2021.11.30"]
[SourceQuality "1"]

1. e4 c5 2. Nf3 d6 3. Bb5+ Nd7 4. 0-0 Ngf6 5. e5 dxe5 6. Nxe5 a6 7. Bxd7+ Bxd7 8. d4 Bb5 9. Re1 cxd4 10. Qf3 Qc7 11. Bf4 e6 12. Ng6 Qa5 13. Bd2 Bc6 14. Bxa5 Bxf3 15. Nxh8 Bd5 16. Bb6 Bd6 17. Bxd4 Ke7 18. Nxf7 Kxf7 19. Nc3 Bb4 20. Nxd5 Bxe1 21. Nxf6 Bxf2+ 22. Kxf2 gxf6 23. Rf1 Rd8 24. Bc3 e5 25. Ke3 Ke6 26. Ke4 Rc8 27. g3 Rc5 28. Rd1 Rd5 29. Ke3 h6 30. Ke2 Rxd1 31. Kxd1 Kf5 32. Ke2 Ke4 33. Bd2 Kf5 34. h3 h5 35. Kf3 e4+ 36. Ke3 Ke5 37. Bc3+ Kf5 38. Bd4 b5 39. b3 Kg5 40. Kxe4 f5+ 41. Kf3 h4 42. gxh4+ Kxh4 43. Kf4 Kxh3 44. c4 bxc4 45. bxc4 a5 46. c5 a4 47. c6 a3 48. c7 Kh4 49. c8Q Kh5 50. Qh8+ Kg6 51. Qf6+ Kh7 52. Qg7# 1-0

[Event "Sao Jose dos Campos IRT op"]
[Site "Sao Jose dos Campos"]
[Date "2020.12.20"]
[Round "5"]
[White "Fernandes, Beatriz"]
[Black "Fernandini, Felipe Piacente"]
[Result "0-1"]
[WhiteElo "1154"]
[BlackElo "1385"]
[PlyCount "80"]
[EventDate "2020.12.18"]
[EventType "swiss"]
[EventRounds "5"]
[EventCountry "BRA"]
[SourceTitle "EXT 2022"]
[Source "ChessBase"]
[SourceDate "2021.10.06"]
[SourceVersion "1"]
[SourceVersionDate "2021.10.06"]
[SourceQuality "1"]

1. e4 c5 2. d4 cxd4 3. c3 dxc3 4. Nxc3 e6 5. Bc4 Nc6 6. Nf3 d6 7. 0-0 Nf6 8. Bg5 Be7 9. Rc1 0-0 10. Qd2 a6 11. a4 Bd7 12. Bxf6 Bxf6 13. Qxd6 Rc8 14. Bb3 Ne7 15. e5 Nf5 16. Qd2 Be7 17. Rfd1 Bc6 18. Qe2 Qb6 19. Ba2 Bxf3 20. Qxf3 Qxb2 21. Bb1 Bb4 22. Rc2 Qa3 23. Rd3 Rfd8 24. Rxd8+ Rxd8 25. h3 g6 26. Ne4 Qxf3 27. gxf3 Rd1+ 28. Kg2 Rxb1 29. Rc8+ Kg7 30. Nf6 Rb3 31. Rg8+ Kh6 32. Ng4+ Kg5 33. Rh8 Nh4+ 34. Kh2 h5 35. Ne3 Nxf3+ 36. Kg2 Nxe5 37. Rd8 b6 38. Rd4 Nd3 39. h4+ Kf6 40. Kg3 Bc5 0-1

[Event "Sao Paulo Montenegro U1600 3rd"]
[Site "Sao Paulo"]
[Date "2020.01.25"]
[Round "1"]
[White "Fernandes, Beatriz"]
[Black "Cardoso, Julia Paulina Reis"]
[Result "1-0"]
[WhiteElo "1187"]
[BlackElo "1800"]
[PlyCount "123"]
[EventDate "2020.01.25"]
[EventType "tourn"]
[EventRounds "9"]
[EventCountry "BRA"]
[SourceTitle "CBM 194 Extra"]
[Source "ChessBase"]
[SourceDate "2020.03.31"]
[SourceVersion "1"]
[SourceVersionDate "2020.03.31"]
[SourceQuality "1"]

1. e4 d5 2. exd5 Qxd5 3. Nc3 Qd8 4. Bc4 Bf5 5. Nf3 e6 6. d3 Bb4 7. Bd2 Nf6 8. 0-0 0-0 9. a3 Ba5 10. b4 Bb6 11. Be3 Bxe3 12. fxe3 Nc6 13. e4 Bg4 14. h3 Bh5 15. Qe1 Bxf3 16. Rxf3 Ne5 17. Rf2 Nxc4 18. dxc4 h6 19. Rd1 Qc8 20. e5 Nd7 21. Rfd2 Nb6 22. c5 Nc4 23. Rd7 Nxa3 24. Qe4 b6 25. Qd3 bxc5 26. bxc5 c6 27. Ra1 Nb5 28. Rd6 Nxd6 29. cxd6 Rd8 30. Qa6 Qxa6 31. Rxa6 c5 32. Rc6 Rac8 33. Rxc8 Rxc8 34. Nb5 a5 35. Kf1 Kf8 36. Ke1 f6 37. exf6 gxf6 38. Kd1 Rb8 39. c4 Ke8 40. Kc2 Kd7 41. Kb3 e5 42. Kc3 Rg8 43. g4 Ke6 44. Kb3 e4 45. Ka4 e3 46. Nc3 Kxd6 47. Kxa5 Ke5 48. Kb5 Kd4 49. Ne2+ Kd3 50. Nc1+ Kc3 51. Ne2+ Kb3 52. Kxc5 Rc8+ 53. Kd4 Rxc4+ 54. Kxe3 Ka3 55. Kd3 Rb4 56. Nd4 Rb1 57. Nf3 Rh1 58. h4 Rh3 59. Ke4 Kb4 60. Kf4 Kc4 61. Ke3 Kd5 62. Kf4 1-0